Catálogo
 En Linea

Segundo seminario de desarrollo integral del este. (Registro nro. 43809)

Detalles MARC
000 -CABECERA
campo de control de longitud fija 00620nam a2200157 a 4500
001 - NÚMERO DE CONTROL
campo de control 000044320
005 - FECHA Y HORA DE LA ÚLTIMA TRANSACCIÓN
campo de control 20201002045306.0
008 - DATOS DE LONGITUD FIJA--INFORMACIÓN GENERAL
campo de control de longitud fija 140613s1987 dr 000 0 spa d
040 ## - FUENTE DE LA CATALOGACIÓN
Centro catalogador/agencia de origen DO-SdBNP
Lengua de catalogación spa
Centro/agencia transcriptor BNPHU
111 2# - ENTRADA PRINCIPAL--NOMBRE DE CONGRESO/REUNIÓN
Nombre de congreso/reunión o jurisdicción como elemento de entrada Seminario de desarrollo integral del Este
Número del congreso/reunión o número de parte o sección (2:
Fecha del congreso/reunión 1986 : 27 sept.
Sede del congreso/Lugar de la reunión San Francisco de Macorís )
9 (RLIN) 72329
245 10 - MENCIÓN DE TÍTULO
Título Segundo seminario de desarrollo integral del este.
260 ## - PUBLICACIÓN, DISTRIBUCIÓN, ETC.
Lugar de publicación, distribución, etc. Santo Domingo :
Nombre del editor, distribuidor, etc. Universidad Central del Este,
Fecha de publicación, distribución, etc. 1987.
300 ## - DESCRIPCIÓN FÍSICA
Extensión 79 p. ;
Dimensiones 24 cm.
490 1# - MENCIÓN DE SERIE
Mención de serie Universidad Central del Este
Designación de volumen o secuencia 66
Mención de serie conferencias
-- 2
830 #0 - PUNTO DE ACCESO ADICIONAL DE SERIE-TÍTULO UNIFORME
Título uniforme Universidad Central del Este
Designación de volumen o secuencia 66
Nombre de parte o sección de la obra conferencias
Número de parte o sección de la obra 2
9 (RLIN) 72330
Existencias
Estado de retiro Estado de pérdida No para préstamo Código de colección Localización permanente Ubicación/localización actual Ubicación en estantería Fecha de adquisición Número de inventario Total de préstamos Signatura topográfica completa Código de barras Fecha visto por última vez Número de copia Precio válido a partir de Tipo de ítem Koha
    Excluido de préstamo Patrimonio Dominicano Patrimonio Dominicano Patrimonio Dominicano En catalogación 13.06.2014 LF1   44320-10 25.06.2020 e. 2 25.06.2020 Libro y Folleto Colección Patrimonio Dominicano
    Excluido de préstamo Patrimonio Dominicano Patrimonio Dominicano Patrimonio Dominicano En catalogación 13.06.2014 LF1   44320-20 25.06.2020   25.06.2020 Libro y Folleto Colección Patrimonio Dominicano

Con tecnología Koha